000 00981cam a2200253 4500
008 021017n2002 000 0 eng u
020 _a0860175782
035 _a(Sirsi) u120135
050 _a333.73
100 _aLaidler, D.
245 _aBrownfields : managing the development of previously developed land. A client's guide
260 _aLondon
_bCIRIA
_c2002
300 _a164p.
_c30cm.
350 _a110
490 _aCIRIA Publication
_vC578
520 _aProvides a framework for clients enabling them to identify their own limitations, and the tools required to appoint and manage specialist consultants and contractors, thus allowing them to manage the issues surrounding the development of previously developed land logically and methodically.
650 _aBROWNFIELD LAND
650 _aBROWNFIELD SITES
650 _aCONTAMINATED LAND
690 _aBUILDING AND CONSTRUCTION-SUSTAINABLE
700 _aBryce, A.
700 _aWilbourn, P.
942 _n0
999 _c102482
_d102482